| 000 | 00735nam a2200241 a 4500 | ||
|---|---|---|---|
| 001 | 30654 | ||
| 003 | BD-RjUL | ||
| 005 | 20211209051609.0 | ||
| 008 | 140410s1978 enk 001 0 eng d | ||
| 020 | _a0471996017 | ||
| 020 | _a0471996009 (pbk) | ||
| 035 |
_aCURL 017844002972(Cam) from wsc038 _a(BD-RjUL)30741 |
||
| 040 |
_aBD-RjUL _beng _cBD-RjUL _dBD-RjUL |
||
| 041 | _aeng | ||
| 082 |
_a612.8 _bBOB 1978 |
||
| 100 | 1 |
_aBoddy, John. _993133 |
|
| 245 | 1 | 0 |
_aBrain systems and psychological concepts / _cJohn Boddy |
| 260 |
_aChichester : _bJohn Wiley and sons, _c1978. |
||
| 300 |
_axvi, 461 p. : _bill. ; _c25 cm |
||
| 504 | _aIncludes bibliography: p.421-449 and index. | ||
| 650 | 0 |
_aNeuropsychology _938437 |
|
| 942 |
_2ddc _cBK |
||
| 999 |
_c30654 _d30654 |
||